| 000 | 01066nam a2200289 i 4500 | ||
|---|---|---|---|
| 001 | 16218 | ||
| 003 | ES-MaACL | ||
| 005 | 20250827062541.0 | ||
| 007 | t| | ||
| 008 | 000711s1997 sp ||||0| spa j | ||
| 020 | _a84-7476-245-6 | ||
| 040 |
_aM-BN _bspa _cM-BN |
||
| 080 | _a316.644:316.356.4(460)(049.5) | ||
| 100 | 1 |
_aBarbadillo Griñán, Patricia. _925374 |
|
| 245 | 1 | 0 |
_aExtranjería, racismo y xenofobia en la España contemporánea _b: la evolución de los setenta a los noventa / _cPatricia Barbadillo Griñán. |
| 250 | _a1ª ed. | ||
| 260 |
_aMadrid : _bCentro de Investigaciones Sociológicas : _bSiglo XXI de España, _c1997. |
||
| 300 |
_aXI, 207 p. ; _c21 cm. |
||
| 490 | 1 |
_aMonografías ; _v154 |
|
| 650 | 1 | 4 |
_aRacismo- _zEspaña- _vEncuestas _916652 |
| 650 | 1 | 7 |
_aEncuestas _9227290 _2embne |
| 710 | 2 |
_aCentro de Investigaciones Sociológicas (España) _92708 |
|
| 830 | 0 | 0 |
_aMonografías (Centro de Estudios Benaventanos "Ledo del Pozo") _v154 _9177262 |
| 852 |
_aES-MaACL _jL-23385 _bR.128381 |
||
| 942 | _2udc | ||
| 999 |
_c16218 _d16218 |
||